Risk management and insurance : (Record no. 35639)

MARC details
000 -LEADER
fixed length control field 03236nam a22004337a 4500
005 - DATE AND TIME OF LATEST TRANSACTION
control field 2010050401381.0
008 - FIXED-LENGTH DATA ELEMENTS--GENERAL INFORMATION
fixed length control field 100504t xxu||||| |||| 00| 0 eng d
010 ## - LCCN (DPL NO)
LC control number B-421801-813
020 ## - INTERNATIONAL STANDARD BOOK NUMBER
International Standard Book Number 0230638988
Terms of availability 350.00
020 ## - INTERNATIONAL STANDARD BOOK NUMBER
International Standard Book Number 9780230638983
Terms of availability 350.00
035 ## - SYSTEM CONTROL NUMBER
System control number B-421801-813
037 ## - SOURCE OF ACQUISITION
Source of stock number/acquisition PUB/Macmillan
040 ## - CATALOGING SOURCE
Original cataloging agency DPL
Language of cataloging eng
082 ## - DEWEY DECIMAL CLASSIFICATION NUMBER
Classification number 368
100 ## - MAIN ENTRY--PERSONAL NAME
Personal name Arunajatesan, S.
9 (RLIN) 23873
245 ## - TITLE STATEMENT
Title Risk management and insurance :
Statement of responsibility, etc by S.Arunajatesan [and]T.R.Viswanathan
Remainder of title concepts and practices of life and general insurance /
260 ## - PUBLICATION, DISTRIBUTION, ETC. (IMPRINT)
Place of publication, distribution, etc New Delhi
Name of publisher, distributor, etc Macmillan India Ltd.
Date of publication, distribution, etc 2009
270 ## - ADDRESS
Address 2/10, Ansari Road, Daryaganj,
City New Delhi
Postal code 110092
300 ## - PHYSICAL DESCRIPTION
Extent xvii, 468p.:
Dimensions 26 cm. (Pbk)
500 ## - GENERAL NOTE
General note includes glossary and index
650 ## - SUBJECT ADDED ENTRY--TOPICAL TERM
Topical term or geographic name as entry element Risk management
9 (RLIN) 23874
650 ## - SUBJECT ADDED ENTRY--TOPICAL TERM
Topical term or geographic name as entry element Insurance
9 (RLIN) 23875
700 ## - ADDED ENTRY--PERSONAL NAME
Personal name Viswanathan, T.R.
9 (RLIN) 23876
942 ## - ADDED ENTRY ELEMENTS (KOHA)
Source of classification or shelving scheme Dewey Decimal Classification
Item type English Books
Call number suffix ARU
Classification part 368
Holdings
Withdrawn status Lost status Source of classification or shelving scheme Damaged status Not for loan Collection code Home library Current library Date acquired Source of acquisition Cost, normal purchase price Total Checkouts Total Renewals Full call number Barcode Date last seen Copy number Cost, replacement price Koha item type
    Dewey Decimal Classification     Non-fiction Central Library Central Library 18/03/2011 UBH/082/ 14.08.2010/44/01.07.2010/02.12.10 350.00 7 3 368 ARU B-421801 10/04/2023 1 350.00 English Books
    Dewey Decimal Classification     Non-fiction Janak Puri Janak Puri 18/03/2011 UBH/082/ 14.08.2010/44/01.07.2010/02.12.10 350.00 8 3 368 ARU B-421808 14/06/2022 2 350.00 English Books
    Dewey Decimal Classification     Non-fiction Janak Puri Janak Puri 18/03/2011 UBH/082/ 14.08.2010/44/01.07.2010/02.12.10 350.00 15 4 368 ARU B-421809 10/10/2017 2 350.00 English Books
  Written-off vide DLB M. No. 383 dt 16.05.19 Dewey Decimal Classification     Non-fiction Karol Bagh Karol Bagh 18/03/2011 UBH/082/ 14.08.2010/44/01.07.2010/02.12.10 350.00     368 ARU B-421812 18/03/2011 1 350.00 English Books
    Dewey Decimal Classification     Non-fiction Mobile Library Mobile Library 18/03/2011 UBH/082/ 14.08.2010/44/01.07.2010/02.12.10 350.00     368 ARU B-421802 18/03/2011 4 350.00 English Books
    Dewey Decimal Classification     Non-fiction Mobile Library Mobile Library 18/03/2011 UBH/082/ 14.08.2010/44/01.07.2010/02.12.10 350.00     368 ARU B-421803 18/03/2011 4 350.00 English Books
    Dewey Decimal Classification     Non-fiction Mobile Library Mobile Library 18/03/2011 UBH/082/ 14.08.2010/44/01.07.2010/02.12.10 350.00     368 ARU B-421804 18/03/2011 4 350.00 English Books
    Dewey Decimal Classification     Non-fiction Mobile Library Mobile Library 18/03/2011 UBH/082/ 14.08.2010/44/01.07.2010/02.12.10 350.00     368 ARU B-421805 18/03/2011 4 350.00 English Books
    Dewey Decimal Classification     Non-fiction New Police Line New Police Line 18/03/2011 UBH/082/ 14.08.2010/44/01.07.2010/02.12.10 350.00     368 ARU B-421806 18/03/2011 1 350.00 English Books
  Written-off vide DLB M. No. 383 dt 16.05.19 Dewey Decimal Classification     Non-fiction Patel Nagar Patel Nagar 18/03/2011 UBH/082/ 14.08.2010/44/01.07.2010/02.12.10 350.00     368 ARU B-421807 18/03/2011 1 350.00 English Books
    Dewey Decimal Classification     Non-fiction Sarojini Nagar Sarojini Nagar 18/03/2011 UBH/082/ 14.08.2010/44/01.07.2010/02.12.10 350.00     368 ARU B-421810 18/03/2011 1 350.00 English Books
    Dewey Decimal Classification     Non-fiction Shahdara Branch Shahdara Branch 18/03/2011 UBH/082/ 14.08.2010/44/01.07.2010/02.12.10 350.00 5 8 368 ARU B-421813 24/07/2021 1 350.00 English Books
    Dewey Decimal Classification     Non-fiction Vinoba Puri Vinoba Puri 18/03/2011 UBH/082/ 14.08.2010/44/01.07.2010/02.12.10 350.00 12 8 368 ARU B-421811 21/09/2021 1 350.00 English Books

© Delhi Public Library
Hit Counter
free hit counter